| 000 | 00914nam a2200217 a 4500 | ||
|---|---|---|---|
| 001 | 17006 | ||
| 003 | CO-ViMGA | ||
| 008 | 141112s2004 ck r 000 u spa d | ||
| 020 | _a8426331955 | ||
| 040 |
_aCO-ViMGA _bspa _cCO-ViMGA |
||
| 082 | 0 | 4 | _a364.12 G174e |
| 100 | 1 |
_aGraham, Ian _93301 |
|
| 245 | 1 | 0 | _aInvestigación criminal , enfoque científico |
| 260 |
_aMadríd (España), _cEdelvives, _c1996 |
||
| 300 | _a44.p. | ||
| 505 | _aHuellas dactilares Huellas genéticas Dientes reveladores Huellas y herramientas Tierra, semillas y polen Insectos colaboradores Los secretos del agua Cabellos y fibras Trozos y fragmentos Documentos Análisis de sangre Análisis químico Armas de fuego Incendios Explosivos Retratos robot La informática Glosario | ||
| 590 | _aForma de adquisición : Premio - Mincultura | ||
| 650 | 1 | 4 |
_aCRIMINOLOGIA _948932 |
| 650 | 1 | 4 |
_aInvestigación CRIMINAL _924097 |
| 942 |
_2ddc _cBK |
||
| 999 |
_c26622 _d26622 |
||